000 00598nam a2200217Ia 4500
005 20260415173413.0
008 008 250505s9999 xx 000 0 eng d
020 _a978-1-5297-2245-1
037 _aReference
040 _aFEDL
_beng
_cFEDL
041 _aeng
_2eng
084 _a327.172 WAL/RR
_qFEDL
100 _aWallensteen Peter
_9470335
245 0 _aUnderstanding conflict resolution
250 _a6
260 _aLondon, UK
_bSage
_c2023
300 _axii, 398p.
365 _aGBP
_b30.99
942 _cREF
_h327.172 WAL/RR
999 _c1400080
_d1400080